Lord of the Rings - Races - Statistics

General Stats
  • This quiz has been taken 58,370 times
  • The average score is 12 of 15
Answer Stats
Character Race % Correct
Legolas Greenleaf Elf
99%
Frodo Baggins Hobbit
99%
Gimli Dwarf
97%
Aragorn II Men
97%
Gandalf Wizard
95%
Smaug Dragon
93%
Shagrat Orc
84%
Treebeard Ent
83%
Shadowfax Mearas
79%
Shelob Giant Spider
75%
The Witch-King of Angmar Nazgûl
55%
Gwaihir the Windlord Eagle
54%
Ugluk Uruk-Hai
52%
William, Bert, Tom Troll
50%
Durin's Bane Balrog
48%
No matching quizzes found
Score Distribution
Percent of People with Each Score
Percentile by Number Answered
Your Score History
You have not taken this quiz